Alternating current machines (Record no. 23298)

000 -LEADER
fixed length control field 00516nam a22001937a 4500
001 - CONTROL NUMBER
control field 23298
003 - CONTROL NUMBER IDENTIFIER
control field BD-DhUET
008 - FIXED-LENGTH DATA ELEMENTS--GENERAL INFORMATION
fixed length control field 150503b xxu||||| |||| 00| 0 eng d
040 ## - CATALOGING SOURCE
Original cataloging agency DLC
Transcribing agency DLC
Modifying agency BD-DhUET
082 ## - DEWEY DECIMAL CLASSIFICATION NUMBER
Classification number 623.133
Item number COT/1960
100 ## - MAIN ENTRY--PERSONAL NAME
Personal name Cotton, H.
245 ## - TITLE STATEMENT
Title Alternating current machines
250 ## - EDITION STATEMENT
Edition statement 2nd ed.
260 ## - PUBLICATION, DISTRIBUTION, ETC. (IMPRINT)
Place of publication, distribution, etc. London
Name of publisher, distributor, etc. Macmillan
Date of publication, distribution, etc. 1960
300 ## - PHYSICAL DESCRIPTION
Extent 328p.
Other physical details ill.
490 ## - SERIES STATEMENT
Series statement Cleaver-Hume electrical series, no. 4
650 #0 - SUBJECT ADDED ENTRY--TOPICAL TERM
Topical term or geographic name as entry element Alternating current : Electrical machinery
942 ## - ADDED ENTRY ELEMENTS (KOHA)
Koha item type General Book
Holdings
Piece designation (barcode) Location (home branch) Lost status Copy number Koha item type Date acquired Koha date last seen Damaged status Withdrawn status Not for loan Source of classification or shelving scheme Koha full call number Shelving location Price effective from Koha normalized classification for sorting Sublocation or collection (holding branch)
22776Central Library, BUET 1General Book2015-05-032015-05-03    623.133/COT/1960Circulation section2015-05-03623_133000000000000_COT_1960Central Library, BUET
22777Central Library, BUET 2General Book2015-05-032015-05-03    623.133/COT/1960Circulation section2015-05-03623_133000000000000_COT_1960Central Library, BUET
22775Central Library, BUET 3General Book2015-05-032015-05-03    623.133/COT/1960Circulation section2015-05-03623_133000000000000_COT_1960Central Library, BUET
22781Central Library, BUET 4General Book2015-05-032015-05-03    623.133/COT/1960Circulation section2015-05-03623_133000000000000_COT_1960Central Library, BUET
22779Central Library, BUET 5General Book2015-05-032015-05-03    623.133/COT/1960Circulation section2015-05-03623_133000000000000_COT_1960Central Library, BUET
22778Central Library, BUET 6General Book2015-05-032015-05-03    623.133/COT/1960Circulation section2015-05-03623_133000000000000_COT_1960Central Library, BUET
22782Central Library, BUET 7General Book2015-05-032015-05-03    623.133/COT/1960Circulation section2015-05-03623_133000000000000_COT_1960Central Library, BUET
22780Central Library, BUET 8General Book2015-05-032015-05-03    623.133/COT/1960Circulation section2015-05-03623_133000000000000_COT_1960Central Library, BUET
22774Central Library, BUET 9General Book2015-05-032015-05-03    623.133/COT/1960Circulation section2015-05-03623_133000000000000_COT_1960Central Library, BUET
22783Central Library, BUET 10General Book2015-05-032015-05-03    623.133/COT/1960Circulation section2015-05-03623_133000000000000_COT_1960Central Library, BUET